Loading...
| History - European History | 1 | 4 | 0 | 0 | 55 | 68 | 88.60 | 1 | 5 |
| History - World History | 1 | 4 | 1 | 1 | 50 | 65 | 98.00 | 0 | 5 |
| Current Events | 2 | 1 | 0 | 0 | 40 | 25 | 51.00 | 1 | 2 |
| History - American History | 2 | 1 | 1 | 0 | 35 | 61 | 67.33 | 1 | 3 |
| Religion | 0 | 3 | 0 | 0 | 30 | 105 | 113.67 | 1 | 3 |
| History - Other History | 1 | 3 | 3 | 0 | 30 | 73 | 98.25 | 0 | 1 |
| Mythology | 1 | 2 | 2 | 2 | 25 | 69 | 116.00 | 0 | 1 |
| Literature - American Literature | 0 | 3 | 1 | 1 | 25 | 84 | 110.00 | 0 | 1 |
| Science - Other Science | 0 | 2 | 0 | 0 | 20 | 79 | 86.00 | 1 | 1 |
| Philosophy | 0 | 2 | 0 | 2 | 20 | 132 | 133.50 | 0 | 0 |
| Science - Biology | 0 | 1 | 0 | 0 | 10 | 75 | 75.00 | 0 | 0 |
| Social Science | 0 | 1 | 0 | 0 | 10 | 72 | 72.00 | 0 | 1 |
| Other Academic | 0 | 1 | 0 | 0 | 10 | 59 | 59.00 | 0 | 1 |
| Science - Physics | 0 | 1 | 0 | 1 | 10 | 132 | 132.00 | 0 | 0 |
| Fine Arts - Other Fine Arts | 0 | 1 | 1 | 1 | 5 | 143 | 143.00 | 1 | 1 |
| Fine Arts - Visual Fine Arts | 0 | 0 | 1 | 0 | -5 | 0.00 | 0 | 0 |